Programa de gobierno, 1978-1982 /
El documento consiste en el programa de gobierno de 1978 a 1982 del Partido Unidad Social Cristiana. En el que se aborda la historia del partido y un mensaje del candidato a la presidencia Rodrigo Carazo Odio y los principios generales del plan de gobierno.
Gorde:
| Erakunde egilea: | |
|---|---|
| Formatua: | Texto |
| Hizkuntza: | Spanish |
| Argitaratua: |
San José :
1977
|
| Gaiak: | |
| Etiketak: |
Etiketa erantsi
Etiketarik gabe, Izan zaitez lehena erregistro honi etiketa jartzen!
|
MARC
| LEADER | 00000 a a2200000 04500 | ||
|---|---|---|---|
| 001 | 16406 | ||
| 003 | cru CIDCACS/IIS | ||
| 005 | 20230704080553.0 | ||
| 008 | 230704e1977 cr ||||| |||| 00| 0 spa d | ||
| 040 | |c CRAI/IIS | ||
| 090 | |a 04.03.01 P273p | ||
| 110 | |a Partido Unidad Social Cristiana (Costa Rica) | ||
| 245 | |a Programa de gobierno, 1978-1982 / |c Partido Unidad Social Cristiana (Costa Rica) | ||
| 260 | |a San José : |c 1977 | ||
| 300 | |a 126 páginas | ||
| 520 | |a El documento consiste en el programa de gobierno de 1978 a 1982 del Partido Unidad Social Cristiana. En el que se aborda la historia del partido y un mensaje del candidato a la presidencia Rodrigo Carazo Odio y los principios generales del plan de gobierno. | ||
| 650 | |a ELECCIONES | ||
| 650 | |a PROGRAMAS GUBERNAMENTALES | ||
| 650 | |a PARTIDOS POLITICOS | ||
| 650 | |a COSTA RICA | ||
| 942 | |2 ddc |c LI |h 04.03.01 P273p |i 02011 |6 040301_P273P_02011 | ||
| 999 | |c 14027 |d 14027 | ||
